| 000 | 00543nam a22001697a 4500 | ||
|---|---|---|---|
| 003 | PILC | ||
| 005 | 20150812103929.0 | ||
| 008 | 130227t xxu||||| |||| 00| 0 eng d | ||
| 020 | _a9814058947 | ||
| 050 |
_aHD 31 _b.C418 2000 |
||
| 082 |
_aMnSF 658 _bC33 2000 |
||
| 100 |
_aCerto, Samuel C. _913067 |
||
| 245 |
_aModern management : _cSamuel C. Certo _bdiversity, quality, ethics, & the global environment / |
||
| 260 |
_aUpper Saddle River, N.J. _bPrentice Hall _c2000. |
||
| 300 |
_a598 pages : _c28 cm. _billustration ; |
||
| 942 |
_2lcc _cBK |
||
| 999 |
_c14599 _d14599 |
||